Potreba a úloha marketingu v procese prepájania akademickej sféry a podnikateľského prostredia
Identifikácia a analýza možnosti implementácie marketingu a jeho nástrojov pre potreby zabezpečenia prepojenia akademickej sféry a hospodárskej praxe a návrh funkčného modelu efektívnej spolupráce Obchodnej fakulty a podnikateľského prostredia.
Saved in:
| Main Author: | |
|---|---|
| Format: | Book Chapter |
| Language: | Slovak |
| Subjects: | |
| Tags: |
No Tags, Be the first to tag this record!
|
MARC
| LEADER | 00000nla a2200000 4500 | ||
|---|---|---|---|
| 001 | 0210973 | ||
| 005 | 20240502073520.6 | ||
| 041 | 0 | |a slo | |
| 044 | |a SK | ||
| 245 | 1 | 0 | |a Potreba a úloha marketingu v procese prepájania akademickej sféry a podnikateľského prostredia |c Henrich Drábik |
| 520 | |a Identifikácia a analýza možnosti implementácie marketingu a jeho nástrojov pre potreby zabezpečenia prepojenia akademickej sféry a hospodárskej praxe a návrh funkčného modelu efektívnej spolupráce Obchodnej fakulty a podnikateľského prostredia. | ||
| 610 | 2 | 0 | |a školy vysoké |
| 610 | 2 | 0 | |a prostredie podnikateľské |
| 610 | 2 | 0 | |a teória a prax |
| 610 | 2 | 0 | |a marketing |
| 610 | 2 | 0 | |a nástroje marketingové |
| 100 | 1 | |a Drábik, Henrich | |